|
|
|
|
| LEADER |
00888nam a22002412a 4500 |
| 001 |
000173541 |
| 003 |
CZ BrMZK |
| 005 |
20200323123956.0 |
| 008 |
950101s1962 xr f cze d |
| 015 |
|
|
|a cnb000613609
|
| 035 |
|
|
|a (OCoLC)85468988
|
| 040 |
|
|
|a ABA001
|b cze
|c LIA001
|d BOA001
|
| 080 |
9 |
|
|a 885-93-252
|
| 100 |
1 |
|
|a Horynová, Zdeňka,
|d 1926-
|7 jk01042305
|4 aut
|
| 245 |
1 |
0 |
|a Moudrá ševcová :
|b pohádková hra pro děti ve 3 dějstvích /
|c Zdeňka Horynová ; upr. Jiří Beneš
|
| 260 |
|
|
|a Praha :
|b Dilia,
|c 1962
|
| 300 |
|
|
|a 47 s. ;
|c 4°
|
| 700 |
1 |
|
|a Beneš, Jiří,
|d 1925-1977
|7 jk01011598
|4 adp
|
| 910 |
|
|
|a BOA001
|b X2-0471.675
|
| 990 |
|
|
|a BK
|
| 991 |
|
|
|b 202003
|
| 996 |
6 |
|
|b 2619947555
|c X2-0471.675
|l MZK
|r Sklad / do 24 hodin
|n 6
|w 000173541
|u 000010
|a 1
|e BOA001
|j MZK50
|s P
|
| 996 |
6 |
|
|b BC-2077030
|c X2-0471.675
|l MZK
|r Sklad / do 24 hodin
|n 0
|w 000173541
|u 000020
|a 1
|e BOA001
|j MZK50
|s P
|